000 01050nam a22002657a 4500
001 7954
003 FISKH
005 20250814154451.0
008 250814b cb ||||| |||| 00| 0 eng d
020 _a780009006998
040 _aFISKH
_beng
_cFISKH
_dFISKH
050 _aPZ7
082 _a791.4372
100 _aAnonymous
245 _aThe tiger movie :
_bWalt Diney picture presents /
260 _aNew York :
_bMousework,
_c2000.
300 _a64 pages :
_bcolor illustrations ;
_c29 cm
505 _aG
520 _aIn this storybook adaptation of the animated film, Tigger sets off on a quest to find his real family. Along the way, he learns that family isn’t only about sharing stripes—it’s about the friends who care for you. With help from Pooh, Piglet, Roo, and the rest of the Hundred Acre Wood, Tigger discovers that he already has the perfect family right at home.
521 8 _a380
_bLexile estimate
521 8 _aG
_bRaz-Plus
650 _aTiger
_vJuvenile literature
942 _2ddc
_cBK
_n0
999 _c7954
_d7954